书目信息 |
| 题名: |
沟通助你成功
|
|
| 作者: | 梁鹏 主编 | |
| 分册: | ||
| 出版信息: | 广州 中山大学出版社 2006.10 |
|
| 页数: | 142页 | |
| 开本: | 26cm | |
| 丛书名: | 人生伴侣系列丛书 | |
| 单 册: | ||
| 中图分类: | C912.1 | |
| 科图分类: | ||
| 主题词: | 人际交往--ren ji jiao wang--青年读物 | |
| 电子资源: | ||
| ISBN: | 978-7-306-02792-4 | |
| 000 | 00932nam 2200265 450 | |
| 001 | 012008677056 | |
| 005 | 20080627103457.56 | |
| 010 | @a978-7-306-02792-4@dCNY20.00 | |
| 100 | @a20080626d2006 em y0chi0120 ea | |
| 101 | 0 | @achi |
| 102 | @aCN@b440000 | |
| 105 | @aa a 000yy | |
| 106 | @ar | |
| 200 | 1 | @a沟通助你成功@Agou tong zhu ni cheng gong@f梁鹏主编@Fliang peng zhu bian |
| 210 | @a广州@c中山大学出版社@d2006.10 | |
| 215 | @a142页@c图@d26cm | |
| 225 | 2 | @a人生伴侣系列丛书@Aren sheng ban lu xi lie cong shu |
| 320 | @a有书目 (第142页) | |
| 330 | @a沟通能力是年轻人最渴望拥有的能力之一。本书除介绍人际交往与沟通的基本技巧之外,还通过案例来揭示影响人际沟通的常见因素以及解决问题的有效方法。 | |
| 410 | 0 | @12001 @a人生伴侣系列丛书 |
| 606 | 0 | @a人际交往@Aren ji jiao wang@j青年读物 |
| 690 | @aC912.1@v4 | |
| 701 | 0 | @a梁鹏@Aliang peng@4主编 |
| 801 | 0 | @aCN@bQSSK@c20080627 |
| 905 | @b729873-75@dC912.1@eL406@f3 | |
| 沟通助你成功/梁鹏主编.-广州:中山大学出版社,2006.10 |
| 142页:图;26cm.-(人生伴侣系列丛书) |
| ISBN 978-7-306-02792-4:CNY20.00 |
| 沟通能力是年轻人最渴望拥有的能力之一。本书除介绍人际交往与沟通的基本技巧之外,还通过案例来揭示影响人际沟通的常见因素以及解决问题的有效方法。 |
| ● |
| 相关链接 |
|
|
|
正题名:沟通助你成功
索取号:C912.1/L406
 
预约/预借
| 序号 | 登录号 | 条形码 | 馆藏地/架位号 | 状态 | 备注 |
| 1 | 729873 | 207298734 | 社科库509/509社科库 57排1列6层/ [索取号:C912.1/L406] | 在馆 | |
| 2 | 729874 | 207298743 | 社科库509/509社科库 57排1列6层/ [索取号:C912.1/L406] | 在馆 | |
| 3 | 729875 | 207298752 | 社科库509/509社科库 57排1列6层/ [索取号:C912.1/L406] | 在馆 |